000 00782nam a2200265 i 4500
001 C2-0122023
003 PPAK
005 20180727113500.0
008 970823s1983 ilua|||| ||||| | eng d
020 _a051604771X
040 _aPPAK
_beng
_cPPAK
_erda
082 0 4 _a940.5426
_223
090 0 0 _a940.5426
_bSTE
_dK
100 1 _aStein, Canrad,
_eauthor
245 1 0 _aBattle of Guadalcanal
264 1 _aChicago :
_bChildrens Press ,
_c1983
300 _a46 pages :
_billustrations ;
_c24 cm
336 _2rdacontent
_atext
337 _2rdamedia
_aunmediated
338 _2rdacarrier
_avolume
490 1 _aWorld at war
650 1 0 _aWorld War, 1939-1945 - Campaigns - Solomon Islands - Guadalcanal Island - Juvenile literature
830 0 _aWorld at war
942 _ddc
_cB
999 _c34899
_d34899